Diputación Provincial de Barcelona : 21 junio 1967 - 1972 : un lustro de gestión corporativa 21 junio 1967 - 1972 :
Descripción Física:
[6] f., 227 p. : il. negre i col., 1 f. pleg. ; 26 cm
MARC
| LEADER | 00000nam a2200000Ia 4500 | ||
|---|---|---|---|
| 001 | 1802 | ||
| 008 | 160829s9999 xx 000 0 cat d | ||
| 080 | |a M-3-12 | ||
| 110 | 1 | |a Barcelona (Catalunya : Província). |b Diputació |9 52408 | |
| 245 | |a Diputación Provincial de Barcelona : |b 21 junio 1967 - 1972 : |b un lustro de gestión corporativa | ||
| 260 | |a Barcelona : |b [l'Entitat], dl 1972 | ||
| 300 | |a [6] f., 227 p. : |b il. negre i col., 1 f. pleg. ; |c 26 cm | ||
| 590 | |a Relligat amb pell i orles daurades. | ||
| 590 | |a Hi ha un duplicat : DUP-3 | ||
| 650 | 0 | |a Barcelona (Catalunya : Província). Diputació |x Memòries |9 23006 | |
| 901 | |a Arxiu | ||
| 942 | |n 1 | ||
| 952 | |0 0 |1 0 |4 0 |6 M312 |7 1 |9 42414 |a Arxiu |b Arxiu |d 2016-12-01 |l 0 |o M-3-12 |p 1802 |r 2016-12-01 00:00:00 |w 2016-12-01 |y ARXIU | ||
| 999 | |c 44919 |d 44919 | ||